Estadísticas para Países por una sola Pista #5

Haz click aquí para tomar la prueba!

Estadísticas generales

  • Esta prueba ha sido tomada 3.090 veces
  • La puntuación promedio es 13 de 20

Estadísticas de respuestas

PistaPaís% Correcto
País con el mayor número de residentes VascosEspaña
90%
Localizado entre Egipto y ArgeliaLibia
85%
Acusado de interferir en las elecciones de EE. UU. y de FranciaRusia
82%
Tuvo una política de un hijo hasta el 2011China
81%
Completamente rodeado por SudáfricaLesoto
81%
4,300 kilómetros alto, pero solo 350 kilómetros anchoChile
78%
Limita Rumania y TurquíaBulgaria
77%
Controla el canal de SuezEgipto
75%
Tiene las iniciales RDRepública Dominicana
73%
Según leyenda, este microestado fue fundado por un
santo del mismo nombre del país en 301 DC
San Marino
64%
Controla las islas de Java y CélebesIndonesia
62%
País cuyo espías trabajan por el MI6Reino Unido
61%
Tuvo una inflación de 800% en el 2016Venezuela
60%
La antigua ciudad de Cártago se localiza aquíTúnez
53%
País donde el río Nilo se conecta con el lago VictoriaUganda
51%
País de nacimiento de los gemelos siameses Eng y ChangTailandia
43%
La música dub y ska vienen de aquíJamaica
39%
Prohibió la goma de mascar en 1992Singapur
39%
País donde los Tigres Tamiles lucharon una rebeliónSri Lanka
30%
Ex-líder Niyazov construyó una estatua de oro de él mismo
que siempre miraba al Sol - ya destruido
Turkmenistán
27%

Distribución de puntuación

Porcentaje por número respondido

Porcentaje de gente con cada puntuación

Historial de tus puntuaciones

No has tomado esta prueba